| 000 | nam a22 a 4500 | ||
|---|---|---|---|
| 999 |
_c135163 _d135163 |
||
| 003 | BLK | ||
| 005 | 20201014113951.0 | ||
| 008 | 180409b bul|||||r ||||||| ||bul|| | ||
| 010 | _aKNG00141085000 | ||
| 040 | _aBLK | ||
| 041 |
_aBUL _cBUL |
||
| 072 | 7 |
_2bullib _aЦ _xРедки и ценни |
|
| 080 |
_aМарксизъм-ленинизъм. Научен комунизъм _b141.82 _z141.82 |
||
| 080 |
_aМарксистко-ленинско икономическо учение. Вж и 141.8 _b330.85 _z330.85 |
||
| 100 | 1 |
_aМаркс, Карл _eпърви автор _9365572 |
|
| 139 |
_aМаркс, Карл _bМ 32 |
||
| 245 | 1 | 0 |
_aНищета на философията _bОтговор на нищетата от г. Прудона _cКарл Маркс; с предг. от Фридрих Енгелс; прев. от фр. Георги Иванов Бакалов. |
| 257 | _aDEU | ||
| 260 |
_c1898 _fВарна : К. Николов _aВарна |
||
| 300 |
_a190 с. _c20 см |
||
| 380 | _a3 | ||
| 490 | 1 |
_aБиблиотека на научния социализъм _v№ 6 |
|
| 490 |
_aКолекция Редки и ценни издания _9435080 |
||
| 600 | 1 | 4 |
_aПрудон, Пиер Жозеф _9223770 |
| 650 | 4 |
_aМарксизъм-ленинизъм - икономически учения _9248945 |
|
| 650 | 4 |
_aПолитическа икономия - философски проблеми _9259335 |
|
| 650 | 4 |
_aКапитал - концентрация и натрупване на капитала _9320127 |
|
| 650 | 4 |
_aПрудон, Пиер Жозеф _9223770 |
|
| 653 | _aполитическа икономия | ||
| 653 | _aкапитал | ||
| 653 | _aсобственост | ||
| 653 | _aмонопол | ||
| 659 | _aЦ | ||
| 700 | 1 |
_aЕнгелс, Фридрих _eс предг. от _9374147 |
|
| 700 | 1 |
_aБакалов, Георги Иванов _eпрев. от фр. _9370516 |
|
| 852 |
_aРб 898 _bРц |
||
| 856 | 4 | _qpdf | |
| 856 | 4 | _qpdf | |
| 942 |
_cKNG _n0 _s1 |
||
| 944 |
_aCR _c19.03.2013 _l19.03.2013 - от С1,Р / 19.03.2013 _kНаталия_Медовщикова |
||
| 944 |
_aED _c19.03.2013 _l19.03.2013 - от С1,Р / 19.03.2013 |
||
| 999 | _d135163 | ||
| 999 | _d135163 | ||